| 000 | 00000nam##2200000za#4500 |
| 001 | 9.659319 |
| 003 | CaOODSP |
| 005 | 20200401063342 |
| 007 | ta |
| 008 | 150407|1997||||xxc||||| f|0| 0 eng|d |
| 020 | |a0-660-60249-0 |
| 040 | |aCaOODSP|beng |
| 041 | |aeng |
| 041 | |afre |
| 043 | |an-cn--- |
| 086 | 1 |aF2-97/1-1996 |
| 110 | 1 |aCanada. |bDepartment of Finance. |
| 245 | 10|aNotice of ways and means motion to amend the Income Tax Act, the Income Tax Application Rules and another Act related to the Income Tax Act |
| 260 | |aOttawa - Ontario : |bFinance Canada |c1997. |
| 300 | |a147p. ; |c28 cm. |
| 546 | |aBilingual |
| 563 | |aProcessed |
| 590 | |a97-14|b1997-04-04 |
| 776 | 0#|tAvis de motion des voies et moyens visant à modifier la Loi de l'impôt sur le revenu, les Règles concernant l'application de l'impôt sur le revenu et une loi liée à la Loi de l'impôt sur le revenu |w(CaOODSP)9.642474 |
| 776 | 0#|tNotice of ways and means motion to amend the Income Tax Act, the Income Tax Application Rules and another Act related to the Income Tax Act |w(CaOODSP)9.698466 |
| 792 | |tAvis de motion des voies et moyens visant à modifier la Loi de l'impôt sur le revenu, les Règles concernant l'application de l'impôt sur le revenu et une loi liée à la Loi de l'impôt sur le revenu |efre|w(CaOODSP)9.659320 |